40 alte Kulturen & Völker - Statistiken

Allgemein
  • Dieses Quiz wurde 148 mal gespielt
  • Das Durchschnittsergebnis liegt bei 15 aus 40
Antwortstatistiken
Zeitraum Hinweise/ Orte /
Erfindungen u.a.
Kultur / Volk % Korrekt
3 050 - 322 v. Chr. - Region: 🇪🇬✔️ Pyramiden
✔️ Hieroglyphen ✔️ Grabmalkunst
Ägypter
93%
800 - 300 v. Chr. - Region: 🇬🇷✔️ Philosophie, Drama, Lyrik ✔️ Vasen ✔️Demokratie Antike Griechen
92%
509 v. Chr. - 410 n. Chr. - Regionen: 🇮🇹 🇪🇸✔️ Aquädukt ✔️ Amphitheater ✔️Beton, Straßenbau Römer
88%
1200 - 1572 - Region: 🇵🇪✔️ Knotenschrift ✔️ Textilien ✔️ Machu Picchu Inka
87%
3 Tsd. - 900 v. Chr. - Regionen: 🇲🇽 🇬🇹✔️ Astronomie, Mathematik ✔️ Kalender ✔️ Stein - Stufenpyramiden Maya
83%
1345 - 1521 - Region: 🇲🇽✔️Schmuck, - & Federarbeiten ✔️ Militärtechnik Azteken
74%
1 894 - 539 v. Chr. - Mesopotamien✔️ ält. Gesetzbuch "Codex Hammurapi" ✔️ Astronomie, Horoskope ✔️ Weltwunder: "Hängende Gärten" Babylonien
71%
48 Tsd. v. Chr. - heute - Australien✔️ Bumerang ✔️ Mal, - & Zeichenschrift Aborigines
64%
1300 - heute - Region: 🇳🇿✔️"Tamoko" - Tätowierungen ✔️Musik, - & Kriegstanz ✔️Holzschnitzerei Maori
64%
200 - 500 - Regionen: 🇨🇳 🇲🇳✔️Nomaden, - & Reitervolk ✔️ König "Attila" Hunnen
57%
1300 - 1923 - Region: 🇹🇷✔️ehemal. Städte: Sögüt, Bursa, Istanbul Osmanen
57%
800 v. Chr. - 350 n. Chr. - Europa & Kleinasien✔️Stämme wie "Gallier", "Parisier" u.a. ✔️ Druiden Kelten
54%
4 Tsd. - 2 Tsd. v. Chr. - Mesopotamien✔️ Arbeitsteilung ✔️ Geldhandel ✔️ Keilschrift Sumerer
47%
900 - 90 v. Chr. - Region: 🇮🇹✔️Bronzearbeiten Etrusker
42%
1 Tsd. - 574 v. Chr. - Regionen: 🇱🇧 🇸🇾✔️ Alphabet ✔️ Handel ✔️ Farbstoff "Purpurrot" Phönizier
40%
1 800 - 609 v. Chr. - Mesopotamien✔️ Gerste - Ackerbau ✔️ 1. Großreich ✔️ Gips, Kalkstein Assyrer
39%
900 - 1400 - Region: 🇰🇭✔️ Tempel ✔️ künstl. Bewässerungsanlagen Khmer
34%
330 - 1 454 n. Chr. - Region: 🇹🇷✔️Mosaiken, Wandmalerei ✔️ Gesetzgebung ✔️ Philosophie, Literatur Byzantiner
33%
1 500 - 1 025 v. Chr. - Region: 🇨🇳✔️ Bildschrift ✔️ Bronzeguss Shang - China
31%
2 500 - 1 500 v. Chr. - Kreta✔️ Linearschrift ✔️ Töpferwaren ✔️ Bronze, - & Goldstücke Minoer
30%
1 025 - 256 v. Chr. - Region: 🇨🇳✔️ Jadearbeiten ✔️ Gusseisen ✔️ Konfuzius, Taoismus Zhou - China
30%
2 340 - 2 200 v. Chr. - Mesopotamien✔️ 1. Flächenstaat ✔️ eigene Sprache Reich von Akkad
28%
1 730 - 1 200 v. Chr. - Region: 🇹🇷✔️ 1. Strafrecht ✔️ Festung, - & Waffenbau Hethiter
25%
1 500 - 400 v. Chr. - Region: 🇲🇽✔️ Steinmetzarbeiten Olmeken
24%
2 800 - 1 800 v. Chr. - Regionen: 🇵🇰 🇮🇳✔️ Stadtplanung ✔️ Kanalisation ✔️ Kornspeicher Indus
21%
1 500 - 1 300 v. chr. Myk. - Region: 🇬🇷✔️ Architektur ✔️ Städtebau ✔️ lineare B-Schrift Mykener
21%
221 - 207 v. Chr. - Region: 🇨🇳✔️Kaisergräber ✔️ Maße, Gewichte ✔️ Vereinigung Chinas Qin
20%
900 - 1168 - Region: 🇲🇽✔️führten Maya - Kultur weiter ✔️ ehemal. Städte: Chichen Itza, Tula Tolteken
19%
500 n. Chr. - Osterinsel✔️Steinfiguren "Moais" ✔️ Rongorongo - Schrift Rapanui
18%
65 Tsd. v. Chr. - 2010 - Region: 🇮🇳✔️ eigene Sprache Bo
16%
58 v. Chr. - 450 n. Chr. - Germanien, Böhmen✔️ Kunsthandwerk ✔️ 1. König hieß "Marbod" Markomannen
15%
7 Tsd. - 1 580 v. Chr. - Region: 🇯🇴✔️ Rundtürme ✔️ Knochenfiguren Jericho
13%
0 - 960 n. Chr. - Region: 🇪🇹✔️ Münzprägung ✔️Keramik, Schmuck ✔️Eisen, - Bronzekunst Aksumiten
12%
1250 - 1470 - Region: 🇵🇪✔️Keramik, - & Goldgewinnung ✔️Bronzelegierungen ✔️Bewässerungs - Kanalbau Chimu
12%
3 Tsd. - 640 v. Chr. - Region: 🇮🇷✔️ Chloritgefäße Elam
12%
600 - 794 n. Chr. - Region: 🇯🇵✔️Buddhismus ✔️ Pagodentempel Nara
12%
1 200 - 400 v. Chr. - Region: 🇵🇪✔️ Töpferei ✔️ Metallbearbeitung Chavin
11%
1 475 - 1 155 v. Chr. - Region: 🇮🇷✔️ Wagenbau ✔️ Pferdezucht Kassiten
11%
321 - 187 v. Chr. - Region: 🇮🇳✔️Buddhismus ✔️Straßennetz ✔️ Vereinigung Indiens Maurja
11%
750 v. Chr. - 350 n. Chr. - Region: 🇸🇩✔️Goldhandel ✔️ Eisen & Elfenbein ✔️Tempelbau Meroe
10%
Keine übereinstimmenden Quizze gefunden
Verteilung der Resultate
Anzahl Personen mit jedem Resultat
Perzentil nach korrekt beantworteten Fragen
Ihre Resultats-Entwicklung
Sie haben dieses Quiz noch nicht gespielt